[Event "KUW-ch"]
[Site "Kuwait City"]
[Date "2024.01.31"]
[Round "8"]
[White "Alasfour, Zaid"]
[Black "Alsayer, Bader"]
[Result "0-1"]
[WhiteElo "1188"]
[BlackElo "1260"]
[PlyCount "78"]
[EventDate "2024.01.22"]
[EventType "swiss"]
[EventRounds "9"]
[EventCountry "KUW"]
[SourceTitle "CB07_2024"]
[SourceDate "2024.02.14"]
[SourceVersion "1"]
[SourceVersionDate "2024.02.14"]
[SourceQuality "1"]

1. e4 c5 2. c3 Nc6 3. d4 cxd4 4. cxd4 e6 5. Nc3 g6 6. Bc4 Nge7 7. Nf3 Bg7 8. 0-0 0-0 9. Re1 d5 10. exd5 exd5 11. Bb3 Bg4 12. Be3 Qd7 13. Qe2 Nf5 14. Bxd5 Nfxd4 15. Bxd4 Nxd4 16. Qd3 Nxf3+ 17. gxf3 Bf5 18. Qc4 Rac8 19. Qb3 Qd8 20. Be4 Be6 21. Qb5 a6 22. Qf1 Qh4 23. Qg2 Be5 24. Bxb7 Bh3 25. Re4 Qh6 26. Bxc8 Bxg2 27. Rxe5 Bxf3 28. Bxa6 Qf4 29. Re2 Qg4+ 30. Kf1 Qg2+ 31. Ke1 Qg1+ 32. Kd2 Qxa1 33. Re3 Rd8+ 34. Kc2 Bd1+ 35. Nxd1 Qxd1+ 36. Kc3 Qc1+ 37. Kb3 Rb8+ 38. Ka3 Qc5+ 39. b4 Qxb4# 0-1

[Event "KUW-ch"]
[Site "Kuwait City"]
[Date "2024.01.28"]
[Round "6"]
[White "Alasfour, Zaid"]
[Black "Alshourfaa, Hazaa"]
[Result "1-0"]
[WhiteElo "1188"]
[BlackElo "1701"]
[PlyCount "109"]
[EventDate "2024.01.22"]
[EventType "swiss"]
[EventRounds "9"]
[EventCountry "KUW"]
[SourceTitle "CB07_2024"]
[SourceDate "2024.02.14"]
[SourceVersion "1"]
[SourceVersionDate "2024.02.14"]
[SourceQuality "1"]

1. e4 Nc6 2. Nf3 e5 3. Bc4 Nf6 4. Ng5 d5 5. exd5 Na5 6. Bb5+ c6 7. dxc6 bxc6 8. Bd3 h6 9. Ne4 Nd5 10. Be2 Be7 11. Bg4 0-0 12. Bxc8 Qxc8 13. d3 f5 14. Nec3 Nf6 15. 0-0 f4 16. Ne4 Nxe4 17. dxe4 f3 18. Nd2 fxg2 19. Kxg2 Rf4 20. Qh5 Bg5 21. Nf3 Rg4+ 22. Kh1 Bxc1 23. Raxc1 Nc4 24. Rg1 Rxg1+ 25. Rxg1 Qe6 26. Qg6 Qf7 27. Qxf7+ Kxf7 28. b3 Nd6 29. Nxe5+ Kf6 30. Nxc6 Nxe4 31. Kg2 Rc8 32. Nxa7 Rxc2 33. Kf3 Nd2+ 34. Ke3 Rxa2 35. b4 Rxa7 36. Kxd2 Ra2+ 37. Ke3 Rb2 38. Rg4 Rb3+ 39. Ke2 Rb2+ 40. Kf3 g5 41. Rc4 Ke5 42. h4 Rb3+ 43. Kg4 h5+ 44. Kxg5 Rf3 45. Rc2 Rb3 46. f4+ Kd4 47. Kxh5 Rxb4 48. Kg5 Rb5+ 49. f5 Ke5 50. Rf2 Rb8 51. Kg6 Rg8+ 52. Kh7 Rf8 53. Kg7 Rxf5 54. Rxf5+ Kxf5 55. h5 1-0